Places need leaders (Record no. 113338)
[ view plain ]
| 000 -LEADER | |
|---|---|
| fixed length control field | 00987cad a22002055a 4500 |
| 001 - CONTROL NUMBER | |
| control field | E155133 |
| 008 - FIXED-LENGTH DATA ELEMENTS--GENERAL INFORMATION | |
| fixed length control field | 120305s2012 xxk f 000 0 eng d |
| 035 ## - SYSTEM CONTROL NUMBER | |
| System control number | (Sirsi) u155133 |
| 041 0# - LANGUAGE CODE | |
| Language code of text/sound track or separate title | eng |
| 100 1# - MAIN ENTRY--PERSONAL NAME | |
| Personal name | Davies, Trevor |
| 245 00 - TITLE STATEMENT | |
| Title | Places need leaders |
| Medium | [electrinic resource] |
| 260 ## - PUBLICATION, DISTRIBUTION, ETC. | |
| Place of publication, distribution, etc. | Edinburgh |
| Name of publisher, distributor, etc. | A+DS |
| Date of publication, distribution, etc. | 2012 |
| 520 ## - SUMMARY, ETC. | |
| Summary, etc. | The report "Delivering Better Places in Scotland: learning from broader experience" (2010), suggested that three elements were required to deliver better places: good leadership; co-ordinated delivery; and long term stewardship. This paper looks at the first requirement and discusses improvements in leadership which can be undertaken to create successful places. |
| 590 ## - LOCAL NOTE (RLIN) | |
| Local note | KA |
| 600 14 - SUBJECT ADDED ENTRY--PERSONAL NAME | |
| Personal name | Adams, David |
| 651 #4 - SUBJECT ADDED ENTRY--GEOGRAPHIC NAME | |
| Geographic name | Scotland |
| Chronological subdivision | 1999- |
| 690 ## - LOCAL SUBJECT ADDED ENTRY--TOPICAL TERM (OCLC, RLIN) | |
| Topical term or geographic name as entry element | Planning and development |
| 9 (RLIN) | 6259 |
| 856 40 - ELECTRONIC LOCATION AND ACCESS | |
| Uniform Resource Identifier | <a href="https://www.ads.org.uk/urbanism/features/leadership-is-key-to-creating-better-places">https://www.ads.org.uk/urbanism/features/leadership-is-key-to-creating-better-places</a> |
| Public note | View the report free of charge at www.ads.org.uk |
| 942 ## - ADDED ENTRY ELEMENTS (KOHA) | |
| Suppress in OPAC | 0 |
| Withdrawn status | Lost status | Source of classification or shelving scheme | Damaged status | Not for loan | Home library | Current library | Shelving location | Date acquired | Total Checkouts | Full call number | Barcode | Date last seen | Copy number | Price effective from | Koha item type |
|---|---|---|---|---|---|---|---|---|---|---|---|---|---|---|---|
| Dewey Decimal Classification | Virtual | Virtual | Online | 05/03/2012 | ONLINE PUBLICATION | 155133-2001 | 06/08/2019 | 1 | 06/08/2019 | Book |